[Event "USA-ch Junior Girls 2019"]
[Site "Saint Louis"]
[Date "2019.07.19"]
[Round "8.5"]
[White "Wu, Rochelle"]
[Black "Samadashvili, Martha"]
[Result "1/2-1/2"]
[WhiteElo "2085"]
[BlackElo "2124"]
[Annotator "TA"]
[PlyCount "184"]
[EventDate "2019.07.09"]
[EventType "tourn"]
[EventCountry "USA"]
[SourceTitle "playchess.com"]
[Source "ChessBase"]
[SourceQuality "1"]

{[%evp 28,184,4,-3,7,-3,9,8,25,-8,-8,-16,0,0,47,41,32,0,0,0,0,0,0,-3,-6,-23,0,-16,0,0,0,-31,0,0,0,0,0,-35,44,50,152,0,0,0,42,29,35,14,74,25,102,102,102,119,110,115,95,104,131,47,89,87,86,19,71,0,86,83,87,77,68,79,71,54,57,3,33,32,58,-2,62,72,100,68,64,33,33,35,157,156,243,233,350,327,585,552,475,347,427,379,554,481,540,382,500,250,452,470,489,498,762,753,579,263,250,205,331,316,265,263,256,255,287,207,197,69,137,139,148,0,102,101,225,194,204,75,72,0,210,228,231,231,170,204,494,495,572,73,95,0,0,0,0,0,0,0,0,0,0]} 1. e4 c5 2. Nf3 e6 3. d4 cxd4 4. Nxd4 Nc6 5. Nc3 Qc7 6. Be3 a6 7. Be2 Nf6 8. O-O Be7 9. f4 d6 10. Qe1 O-O 11. Qg3 Nxd4 12. Bxd4 b5 13. a3 Bb7 14. Kh1 Bc6 15. Rad1 Rad8 {B85: Sicilian Scheveningen: 6 Be2 a6, lines with early Be3} 16. Bf3 Qb7 17. Rfe1 Kh8 (17... g6 18. Qg5 e5 19. fxe5 Nxe4 20. Qh6 Bg5 21. Qh3 Nxc3 22. Bxc6 Qxc6 23. Qxc3 Qxc3 24. Bxc3 dxe5 25. Bxe5 Rxd1 26. Rxd1 {½-½ (34) Plat,V (2540)-Horvath,A (2482) Biograd na Moru 2018}) 18. e5 dxe5 19. fxe5 Nd7 $146 ({Predecessor:} 19... Ne8 20. Ne4 f5 21. exf6 gxf6 22. Qh4 e5 23. Bc3 Rxd1 24. Rxd1 {0-1 (33) Slingerland,F (2315)-Bijlsma,N (2253) Wolvega 2014}) 20. Ne4 Rg8 21. Rd3 Nf8 22. h4 Ng6 23. h5 $1 {[%cal Rh5g6]} Nh4 $1 (23... Bh4 $2 24. Qh2 $16) 24. Nd6 Bxd6 $1 25. Qxh4 Be7 26. Qf2 Bg5 27. c3 Rgf8 28. Bxc6 Qxc6 29. Rf3 Kg8 30. Rf1 Rd7 31. Bc5 Bh4 $1 {[%cal Rh4f2]} 32. Qe3 Rfd8 (32... Rc8 $15 33. Bd6 h6) 33. h6 $14 g6 (33... gxh6 $1 $14 34. Be7 (34. Qxh6 Qxc5 35. Qxh4 Qxe5 $11) 34... Rxe7 35. Qxh6 Qe4) 34. Bd4 $2 (34. b4 $1 $16 {Strongly threatening Qf4.} Be7 35. Rxf7 Bxc5 36. Rxd7 Qxd7 37. bxc5 (37. Qxc5 Qd2 $11)) 34... Rf8 $11 35. b4 Bd8 36. Bc5 Re8 $1 37. Qf4 {[%cal Rf4f7]} Qb7 (37... f6 $11) 38. Bd6 (38. a4 $5) 38... Qa7 (38... f6 $11) 39. c4 bxc4 40. Rc3 f5 41. exf6 ({Reject} 41. Qxc4 $6 Qb7 $11) 41... Kf7 42. Rxc4 Bb6 43. Qe5 (43. Rc6 $16) 43... Qb7 44. Rd1 Red8 45. Re4 (45. Rd3 $16) 45... Re8 $1 46. Rc4 Red8 $1 47. Rd3 $1 Ba7 {Hoping for ...Qb5.} 48. Re4 $1 {[%csl Ge4][%cal Re5e6]} Re8 49. Be7 {[%csl Ge4][%cal Re5e6]} Qc6 50. Rxd7 $40 {[%mdl 128] White has some attack.} Qxd7 51. Qd6 (51. Bc5 $14 Bxc5 52. bxc5 Qd1+ 53. Kh2 Qh5+ 54. Qxh5 gxh5 55. Rb4) 51... Qxd6 52. Bxd6 Kxf6 {[%mdl 4096] Endgame KRB-KRB} 53. Rf4+ Kg5 54. Rf7 $1 {[%csl LRa7,LRh7]} Bd4 55. Rxh7 e5 56. Be7+ Kh5 {next ...e4 is good for Black.} 57. Bc5 Bb2 (57... Bxc5 $14 58. bxc5 e4) 58. a4 $16 e4 (58... Bd4 $16 59. g4+ Kxg4) 59. Be3 $18 g5 (59... Rb8 $142 60. Rd7 Rxb4) 60. Ra7 Kg4 $2 (60... Kxh6 61. Rxa6+ Kh5) 61. h7 Rd8 62. Re7 Kf5 63. Kg1 Rc8 (63... Kg6 $142 64. b5 axb5 65. axb5 Rh8) 64. Kf2 Rc2+ 65. Kg3 Rc8 66. Ra7 Be5+ $2 (66... Rc2 {was worth a try.}) 67. Kf2 $1 Rc2+ 68. Kf1 Kg6 (68... Rc3 $142 69. Rxa6 Rxe3) 69. Re7 Bg7 70. Rxe4 (70. b5 $142) 70... Kxh7 71. Bxg5 Ra2 {[#]} (71... Kg6 {was called for.}) 72. a5 $1 Kg6 73. Be3 Kf5 74. Rf4+ Ke5 75. Rg4 Bf8 76. g3 ({White should try} 76. Bf2 $18) 76... Kd5 (76... Bd6 $1 $14) 77. Rd4+ $16 Ke5 {Black wants to play ...Bh6.} 78. Rg4 Kd5 $1 79. Bf2 Rb2 (79... Bd6 $16) 80. Be1 Bd6 81. Bc3 (81. Rg5+ $18 Ke4 82. Rg6) 81... Rb3 {[#]} 82. Be1 (82. Rg5+ $1 $16 Kc6 83. Be1) 82... Rb2 $1 $18 83. Rg5+ Kc4 84. Rg6 Kd5 85. g4 Bf4 $2 (85... Rb1) 86. Rxa6 Ke4 87. Ra8 $2 (87. Rf6 $18 {and White stays clearly on top.} Kf3 88. g5) 87... Rh2 $16 88. Rf8 (88. Bc3 $16 {And now Rh8 would win.} Kf3 89. Rh8 Rf2+ 90. Kg1 Rg2+ 91. Kh1) 88... Kf3 $1 $11 {[%cal Rh2h1] The position is equal.} 89. Kg1 {White threatens Rxf4+! and mate.} Rg2+ 90. Kf1 Rh2 {[%cal Rh2h1]} 91. Kg1 {Threatening mate with Rxf4+!} Rg2+ 92. Kf1 {Rxf4+! would kill now.} Rh2 {Accuracy: White = 47%, Black = 46%.} 1/2-1/2

[Event "USA-ch Junior Girls 2019"]
[Site "Saint Louis"]
[Date "2019.07.20"]
[Round "9.1"]
[White "Samadashvili, Martha"]
[Black "Cervantes Landeiro, Thalia"]
[Result "1/2-1/2"]
[WhiteElo "2124"]
[BlackElo "2147"]
[Annotator "TA"]
[PlyCount "91"]
[EventDate "2019.07.09"]
[EventType "tourn"]
[EventCountry "USA"]
[SourceTitle "playchess.com"]
[Source "ChessBase"]
[SourceQuality "1"]

{[%evp 14,91,16,16,16,18,27,13,13,13,13,13,13,11,12,14,24,13,16,-2,0,0,0,0,-6,-43,-55,-45,-47,-50,-60,-95,-91,-84,-97,-106,-104,-104,-8,-2,-11,-12,-12,-100,-8,0,0,0,0,0,0,0,0,0,0,0,0,0,0,-8,-8,-8,-8,-8,-8,-14,-14,-14,-8,-8,0,-8,0,0,0,0,0,-8,0,-8]} 1. e4 c5 2. Nf3 d6 3. Bb5+ Nd7 4. O-O $146 ({Predecessor:} 4. d4 cxd4 5. Qxd4 a6 6. Bxd7+ Bxd7 7. Nc3 e5 8. Qd3 Rc8 {½-½ (62) Adams,M (2748)-Giri,A (2771) London 2016}) 4... a6 5. Bxd7+ Bxd7 6. d4 cxd4 7. Qxd4 e5 8. Qd3 Rc8 {Threatening ...Bb5. B51: Sicilian: Moscow Variation (3 Bb5+) without 3...Bd7} 9. Nc3 h6 10. Nd2 Qc7 11. Rd1 Bg4 12. f3 Be6 13. Nf1 Nf6 14. Ne3 Be7 15. a4 O-O 16. Bd2 Rfd8 17. Be1 d5 18. Nexd5 Bxd5 19. Nxd5 Nxd5 20. exd5 Qxc2 21. Qxc2 Rxc2 22. Bc3 Bc5+ 23. Kh1 f6 24. h3 Rd7 25. a5 Bd4 (25... Bf2 $17) 26. Bxd4 $11 exd4 27. Rxd4 Rxb2 {[%mdl 4096] Endgame KRR-KRR} 28. f4 {[#]} (28. d6 $11) 28... Rb5 (28... Rd6 $1 $17) 29. d6 {The position is equal.} g5 30. g3 b6 31. axb6 Rxb6 32. Rad1 Kf7 33. f5 Rb5 34. g4 h5 35. gxh5 Rxf5 36. h6 Kg6 37. h4 Kxh6 38. hxg5+ Rxg5 39. Rc4 Kg6 {[#] ( -> ...Rh7+)} 40. Rc7 Rh5+ 41. Kg2 Rd8 42. d7 Rg5+ 43. Kf3 Kf7 44. Ra7 a5 45. Ra1 Ke7 46. R1xa5 {Accuracy: White = 56%, Black = 60%.} 1/2-1/2

[Event "USA-ch Junior Girls 2019"]
[Site "Saint Louis"]
[Date "2019.07.20"]
[Round "9.2"]
[White "Feng, Maggie"]
[Black "Wu, Rochelle"]
[Result "0-1"]
[WhiteElo "2198"]
[BlackElo "2085"]
[Annotator "TA"]
[PlyCount "122"]
[EventDate "2019.07.09"]
[EventType "tourn"]
[EventCountry "USA"]
[SourceTitle "playchess.com"]
[Source "ChessBase"]
[SourceQuality "1"]

{[%evp 9,122,21,15,18,76,36,49,3,25,22,21,-16,-10,-21,-21,-48,-36,-46,4,-49,15,-45,-50,-66,-53,-68,-50,-59,-35,-33,19,18,44,55,71,60,66,59,69,50,54,54,57,61,46,27,14,25,28,-34,-31,-51,-50,-55,-52,-49,-32,-52,-37,-91,3,-244,-113,-219,-6,-18,-17,-10,-32,-441,-415,-555,-70,-110,0,-1072,-1077,-1061,-1031,-989,-908,-29986,-29987,-29989,-29990,-29990,-29991,-29991,-29992,-29992,-29993,-29993,-29994,-29994,-1803,-1768,-1717,-1689,-1684,-1633,-1554,-1472,-1375,-1677,-1350,-1770,-1462,-2461,-2499,-1857,-1731,-29968,-29968,-6211,-6081]} 1. Nf3 d5 2. g3 Nc6 3. d4 Bf5 4. Bg2 Nb4 5. Na3 e6 6. c3 {D02: 1 d4 d5 2 Nf3 sidelines, including 2...Nf6 3 g3 and 2...Nf6 3 Bf4} Na6 (6... Nc6 $11) (6... Nc6 7. Qb3 Rb8 8. O-O Be7 9. Bf4 a6 10. Ne5 Nf6 11. Rfd1 O-O 12. c4 Nb4 13. Rac1 c6 {0-1 (43) Svidler,P (2756)-Bauer,C (2626) Porto Carras 2018}) 7. O-O Be7 8. Nc2 {White is slightly better.} Nf6 9. Ne5 h6 10. Ne1 $146 ({Predecessor:} 10. Ne3 Bh7 11. f4 O-O 12. f5 Bd6 13. Qb3 Rb8 14. Nxf7 Rxf7 15. fxe6 {1-0 (55) Shahinyan,D (2362)-Iljiushenok,I (2429) Loo 2014}) 10... O-O 11. N1d3 c5 12. Be3 {[%cal Rd4c5]} c4 13. Ne1 Qb6 14. Qc1 (14. b3 $11) 14... Nb8 (14... Rfc8 $15) 15. h3 ({Better is} 15. b3 $1 $11) 15... Ne4 $15 16. Bf4 f6 17. N5f3 Bd6 18. Bxd6 Qxd6 (18... Nxd6 {is more complex.} 19. Nc2 Nd7 20. Nd2 a5 21. Re1 Qc6) 19. Nd2 b5 ({Black should try} 19... Nxd2 $15 20. Qxd2 Nc6) 20. Nxe4 $11 dxe4 21. Qe3 Nc6 22. g4 Bh7 23. Bxe4 Bxe4 24. Qxe4 f5 25. Qg2 fxg4 26. hxg4 e5 27. d5 Ne7 28. Rd1 Rad8 29. Nc2 (29. Qh2 $11) 29... Ng6 $15 {[%mdl 1024] And now ...Nf4 would win. Black has compensation.} 30. e3 Nh4 $36 {[%mdl 2048] Black has some pressure.} 31. Qg3 $1 {[%cal Rg3h4]} Nf3+ 32. Kg2 $1 Qc5 (32... Qg6 $5 {[%cal Rg6c2]} 33. Ne1 Nxe1+ 34. Rfxe1 Rxd5 $15) 33. Nb4 Kh7 34. e4 $1 Rf4 (34... Rd6 $1 $17) 35. Nc2 $2 (35. Qxf3 $1 $11 {and White stays safe.} Rxf3 36. Kxf3) 35... Qe7 (35... Rdf8 $19 36. d6 Qc6) 36. Ne1 {[#]} (36. Qxf3 $17 Rxf3 37. Kxf3) 36... Nh4+ $2 (36... Ng5 $1 $19 37. f3 Rdf8) 37. Kh3 $1 $11 g5 38. f3 Rdf8 {Strongly threatening ...h5!} 39. Rf2 $2 {[%mdl 8192] [#]} (39. d6 $15 Qd7 40. Kh2) 39... h5 $1 $19 {[%mdl 512]} 40. Rdd2 (40. gxh5 Qe8) 40... Qf6 $2 (40... Nxf3 $2 41. Nxf3 hxg4+ 42. Qxg4 $19) (40... Qf7 $19 {...hxg4+ is the strong threat.} 41. Kh2 hxg4) 41. gxh5 $15 g4+ (41... Qf7 $17 42. Kh2 (42. Qxg5 $2 Rg8 $19) 42... Qxh5) 42. Kh2 $2 {[%mdl 8192]} (42. fxg4 $11 Rxf2 43. Rxf2 Qxf2 44. Qxf2 (44. Kxh4 Qe2 $11) 44... Rxf2 45. Kxh4) 42... gxf3 $19 43. d6 Rg8 44. d7 Qd8 (44... Rxg3 $2 45. d8=Q $17) 45. Qh3 Qg5 {[%csl Gg8][%cal Rg5g1]} 46. Qf1 {[#]} Nf5 $1 {[%mdl 512]} 47. Nxf3 {[#]} (47. exf5 Rh4+) 47... Rh4+ $1 {[%mdl 512]} 48. Nxh4 Qg3+ 49. Kh1 Qxh4+ {[%mdl 64] Double Attack} 50. Rh2 {[#]} Ng3+ $1 {[%mdl 576] Double Attack} 51. Kg1 {[#]} Nxf1+ (51... Ne2+ $142 $1 {[%mdl 512]} 52. Kh1 Rg1+ {[%mdl 64] Back Rank} 53. Qxg1 Qxe4+ 54. Qg2 Ng3+ 55. Kg1 Qe1+ 56. Qf1 Qxf1#) 52. Kxf1 Rf8+ 53. Rdf2 Rxf2+ 54. Rxf2 {[%mdl 4096] Endgame KQ-KR} Qh3+ 55. Ke1 Qxd7 56. Rd2 Qg4 57. Re2 Qxh5 58. Kd2 Qf3 59. Re3 Qf4 60. Ke2 Qh2+ 61. Kf3 Qxb2 {Accuracy: White = 31%, Black = 47%.} 0-1

[Event "USA-ch Junior Girls 2019"]
[Site "Saint Louis"]
[Date "2019.07.20"]
[Round "9.3"]
[White "Nguyen, Emily"]
[Black "Yip, Carissa"]
[Result "1/2-1/2"]
[WhiteElo "2102"]
[BlackElo "2285"]
[Annotator "ChessBase"]
[PlyCount "93"]
[EventDate "2019.07.09"]
[EventType "tourn"]
[EventCountry "USA"]
[SourceTitle "playchess.com"]
[Source "ChessBase"]
[SourceQuality "1"]
[TimeControl "40/5400+30:1800+30"]

1. d4 {[%emt 0:00:00]} g6 {[%emt 0:00:00]} 2. c4 {[%emt 0:00:00]} Bg7 {[%emt 0:00:00]} 3. Nc3 {[%emt 0:00:00]} Nf6 {[%emt 0:00:00]} 4. Nf3 {[%emt 0:00:00]} O-O {[%emt 0:00:00]} 5. g3 {[%emt 0:00:00]} d5 {[%emt 0:00:00]} 6. cxd5 {[%emt 0:00:02]} Nxd5 {[%emt 0:00:00]} 7. Bg2 {[%emt 0:00:04]} Nb6 {[%emt 0:00:04]} 8. O-O {[%emt 0:00:06]} Nc6 {[%emt 0:00:02]} 9. d5 {[%emt 0:00:08]} Na5 {[%emt 0:01:21]} 10. Qc2 {[%emt 0:00:07]} c6 {[%emt 0:06:03]} 11. dxc6 {[%emt 0:00:12]} Nxc6 {[%emt 0:03:06]} 12. Rd1 {[%emt 0:00:07]} Qe8 {[%emt 0:05:23]} 13. Qe4 {[%emt 0:00:09]} e5 {[%emt 0:02:07]} 14. Qh4 {[%emt 0:04:51]} Qe7 {[%emt 0:15:57]} 15. Qxe7 {[%emt 0:09:29]} Nxe7 {[%emt 0:00:39]} 16. Be3 {[%emt 0:00:26]} Nc6 {[%emt 0:14:33]} 17. Nb5 {[%emt 0:09:01]} e4 {[%emt 0:06:37]} 18. Nfd4 {[%emt 0:02:56]} Nc4 {[%emt 0:02:21]} 19. Bxe4 {[%emt 0:08:03]} Nxe3 {[%emt 0:03:17]} 20. fxe3 {[%emt 0:00:14]} Bh6 {[%emt 0:00:26]} 21. Nxc6 {[%emt 0:04:55]} Bxe3+ {[%emt 0:00:14]} 22. Kg2 {[%emt 0:00:07]} bxc6 {[%emt 0:00:07]} 23. Bxc6 {[%emt 0:00:09]} Rb8 {[%emt 0:00:19]} 24. Rd3 {[%emt 0:05:26]} Bh6 {[%emt 0:01:19]} 25. b3 {[%emt 0:08:35]} Rb6 {[%emt 0:08:49]} 26. Nxa7 {[%emt 0:00:25]} Bf5 {[%emt 0:03:27]} 27. e4 {[%emt 0:01:37]} Rxc6 {[%emt 0:01:12]} 28. exf5 {[%emt 0:00:05]} Rc2+ {[%emt 0:00:02]} 29. Kh3 {[%emt 0:05:03]} Ra8 {[%emt 0:15:28]} 30. Nb5 {[%emt 0:07:15]} Bg7 {[%emt 0:01:39]} 31. f6 {[%emt 0:10:59]} Bxf6 {[%emt 0:00:41]} 32. Rf1 {[%emt 0:00:05]} Raxa2 {[%emt 0:05:01]} 33. Rxf6 {[%emt 0:00:11]} h5 {[%emt 0:00:03]} 34. Kh4 {[%emt 0:05:10]} Rc5 {[%emt 0:00:09]} 35. h3 {[%emt 0:00:03]} Rxb5 {[%emt 0:00:34]} 36. Rd7 {[%emt 0:00:29]} Re2 {[%emt 0:03:25]} 37. Rdxf7 {[%emt 0:01:09]} Re4+ {[%emt 0:01:57]} 38. g4 {[%emt 0:00:05]} Re8 {[%emt 0:00:02]} 39. Ra7 {[%emt 0:01:21]} hxg4 {[%emt 0:00:24]} 40. Rxg6+ {[%emt 0:00:00]} Kh8 {[%emt 0:00:00]} 41. hxg4 {[%emt 0:05:21]} Rxb3 {[%emt 0:01:09]} 42. Rc6 {[%emt 0:06:13]} Rb1 {[%emt 0:02:27]} 43. g5 {[%emt 0:01:35]} Rh1+ {[%emt 0:02:10]} 44. Kg4 {[%emt 0:00:05]} Rg1+ {[%emt 0:00:46]} 45. Kh5 {[%emt 0:01:45]} Rh1+ {[%emt 0:00:06]} 46. Kg4 {[%emt 0:00:04]} Rg1+ {[%emt 0:00:04]} 47. Kh5 {[%emt 0:00:03]} 1/2-1/2